| 000 | nam a22 7a 4500 | ||
|---|---|---|---|
| 999 |
_c126799 _d126799 |
||
| 008 | 170825b xxu||||| |||| 00| 0 eng d | ||
| 050 | _aDT30.5.D593 | ||
| 100 |
_aDiop, Momar Coumba _935309 |
||
| 245 |
_aStatutory political successions _bMechanisms of power transfer in Africa _c/ Momar Coumba Diop |
||
| 260 |
_aDakora _bCodesria _c1990 |
||
| 300 |
_a40p. ; _c21cm. |
||
| 440 |
_aWorking Paper n.1/90 _935311 |
||
| 650 |
_aAfrica _xPolitics _915215 |
||
| 700 |
_aDiouf, Mamadou _935310 |
||
| 942 |
_2lcc _cMONOGRAPH |
||